| 000 | 00671nam a22001577a 4500 | ||
|---|---|---|---|
| 020 | _a978-81-291-3953-5 | ||
| 082 |
_a823 _bDOY/J |
||
| 100 | _aDOYLE,ARTHUR CONAN | ||
| 245 |
_aTHE ADVENTURE OF THE CARDBOARD BOX; THE ADVENTURE OF THE CROOKED MAN; TGHE ADVENTURE OF THE GREEK INTERPRETER, THE ADVENTURE OF THE FINAL PROBLEM _bJUNIOR CLASSICS |
||
| 246 |
_aTHE ADVENTURE OF THE CARDBOARD BOX; THE ADVENTURE OF THE CROOKED MAN; TGHE ADVENTURE OF THE GREEK INTERPRETER, THE ADVENTURE OF THE FINAL PROBLEM _bJUNIOR CLASSICS |
||
| 260 |
_aNEW DELHI _bRUPA PUBLICATIONS INDIA PVT LTD _c2017 |
||
| 300 | _a126 | ||
| 520 | _aCLASSIC STORY | ||
| 650 | _aCLASSIC STORY | ||
| 942 | _cBK | ||
| 999 |
_c3001 _d3001 |
||